MARC details
| 000 -CABECERA |
| campo de control de longitud fija |
01189nam a2200265 i 4500 |
| 001 - NÚMERO DE CONTROL |
| campo de control |
000038202 |
| 003 - IDENTIFICADOR DEL NÚMERO DE CONTROL |
| campo de control |
DO-SdBNP |
| 005 - FECHA Y HORA DE LA ÚLTIMA TRANSACCIÓN |
| campo de control |
20230821152504.0 |
| 007 - CAMPO FIJO DE DESCRIPCIÓN FÍSICA--INFORMACIÓN GENERAL |
| campo de control de longitud fija |
ta |
| 008 - DATOS DE LONGITUD FIJA--INFORMACIÓN GENERAL |
| campo de control de longitud fija |
130321s1992 dr 000 0 spa d |
| 040 ## - FUENTE DE LA CATALOGACIÓN |
| Centro catalogador/agencia de origen |
DO-SdBNP |
| Lengua de catalogación |
spa |
| Centro/agencia transcriptor |
BNPHU |
| Centro/agencia modificador |
rda |
| 082 #4 - NÚMERO DE LA CLASIFICACIÓN DECIMAL DEWEY |
| Número de edición |
22 |
| 245 00 - MENCIÓN DE TÍTULO |
| Título |
Encuesta nacional de mano de obra : |
| Resto del título |
(ENMO'91) / |
| Mención de responsabilidad, etc. |
prólogo, Roberto E. Liz. |
| 264 ## - PRODUCCIÓN, PUBLICACIÓN, DISTRIBUCIÓN, FABRICACIÓN Y COPYRIGHT |
| Producción, publicación, distribución, fabricación y copyright |
Santo Domingo : |
| Nombre del de productor, editor, distribuidor, fabricante |
Fundación APEC de Credito Educativo (FUNDAPEC), |
| Fecha de producción, publicación, distribución, fabricación o copyright |
1992 |
| 300 ## - DESCRIPCIÓN FÍSICA |
| Extensión |
342 páginas ; |
| Dimensiones |
30 cm. |
| 336 ## - TIPO DE CONTENIDO |
| Fuente |
rdacontent |
| Término de tipo de contenido |
texto |
| Código de tipo de contenido |
txt |
| 337 ## - TIPO DE MEDIO |
| Fuente |
rdamedia |
| Nombre/término del tipo de medio |
sin mediación |
| Código del tipo de medio |
nc |
| 338 ## - TIPO DE SOPORTE |
| Fuente |
rdacarrier |
| Nombre/término del tipo de soporte |
volumen |
| Código del tipo de soporte |
n |
| 500 ## - NOTA GENERAL |
| Nota general |
Incluye referencias bibliográficas y notas al pie de las páginas |
| 505 0# - NOTA DE CONTENIDO CON FORMATO |
| Nota de contenido con formato |
Prólogo-- |
| Título |
Resumen -- |
| -- |
Zonas Francas: Dinámica sectorial y mercados de trabajo -- |
| -- |
Crecimiento y desarrollo de las zonas francas-- |
| -- |
Caracterización estructural -- |
| -- |
Impacto estructural -- |
| -- |
Competitividad internacional -- |
| -- |
Perspectivas del sector zonas francas -- |
| -- |
Bibliografía -- |
| -- |
Caracterización estructural del turismo -- |
| -- |
Impacto estructural -- |
| 590 ## - NOTA LOCAL (RLIN) |
| Nota local |
Inventariado, 2023/BT |
| 700 1# - PUNTO DE ACCESO ADICIONAL--NOMBRE DE PERSONA |
| Nombre de persona |
Liz, Roberto E., |
| Término indicativo de función/relación |
prálogo |
| 9 (RLIN) |
37488 |
| 910 ## - DATOS DE OPCIÓN DEL USUARIO (OCLC) |
| Datos de opción del usuario |
Btavárez |
| 942 ## - ELEMENTOS DE PUNTO DE ACCESO ADICIONAL (KOHA) |
| Fuente del sistema de clasificación o colocación |
Dewey Decimal Classification |
| Tipo de ítem Koha |
Libro |